02025nam a22002177a 45000010005000000030006000050050017000110080041000280200018000690400029000870500024001160820010001401000020001502450078001702500049002482600033002973000043003305201367003736500031017407000036017719565FISKH20260123142313.0260123b cb ||||| |||| 00| 0 eng d a9780349433103 aFISKHbengcFISKHdFISKH aPR9199.4 .F678 .E94 a813.6 aFortune, Carley aEvery summer after :b'A radiant debut ' Emily Henry /cBy Carley Fortune aFirst published in the United States in 2002 aLondon : bPiatkus ,c2002 . a307 pages : billustrator ; c20 cm .  aThey say you can never go home again, and for Persephone Fraser, ever since she made the biggest mistake of her life a decade ago, that has felt too true. Instead of glittering summers on the lakeshore of her childhood, she spends them in a stylish apartment in the city, going out with friends, and keeping everyone a safe distance from her heart. Until she receives the call that sends her racing back to Barry’s Bay and into the orbit of Sam Florek—the man she never thought she’d have to live without. For six summers, through hazy afternoons on the water and warm summer nights working in his family’s restaurant and curling up together with books—medical textbooks for him and work-in-progress horror short stories for her—Percy and Sam had been inseparable. Eventually that friendship turned into something breathtakingly more, before it fell spectacularly apart. When Percy returns to the lake for Sam’s mother’s funeral, their connection is as undeniable as it had always been. But until Percy can confront the decisions she made and the years she’s spent punishing herself for them, they’ll never know whether their love might be bigger than the biggest mistakes of their past. Told over the course of six years and one weekend, Every Summer After is a big, sweeping nostalgic story of love and the people and choices that mark us forever. aFriends-to-loversvFiction aTucker , AshleyeBook Designer